Lord, make my life count / (Record no. 5612)

MARC details
000 -LEADER
fixed length control field 00851nam a2200289Ia 4500
001 - CONTROL NUMBER
control field 12673
003 - CONTROL NUMBER IDENTIFIER
control field GBCCL
005 - DATE AND TIME OF LATEST TRANSACTION
control field 20241126110546.0
008 - FIXED-LENGTH DATA ELEMENTS--GENERAL INFORMATION
fixed length control field 800306s1975 cau b 00010 eng u
020 ## - INTERNATIONAL STANDARD BOOK NUMBER
International Standard Book Number 0830703489
035 ## - SYSTEM CONTROL NUMBER
System control number OCM06059014
040 ## - CATALOGING SOURCE
Transcribing agency IHT
Modifying agency m.c.
-- LBB
049 ## -
-- LBBK
050 ## -
-- BV4501.2
-- .O73 1975
082 ## - DEWEY DECIMAL CLASSIFICATION NUMBER
Classification number 248.83
Item number ORT
092 ## - LOCALLY ASSIGNED DEWEY CALL NUMBER (OCLC)
Classification number 248.83
Item number O77
100 10 - MAIN ENTRY--PERSONAL NAME
Personal name Ortlund, Raymond C.
9 (RLIN) 9780
245 10 - TITLE STATEMENT
Title Lord, make my life count /
Statement of responsibility, etc. Raymond C. Ortlund.
260 0# - PUBLICATION, DISTRIBUTION, ETC.
Place of publication, distribution, etc. Glendale, Calif. :
Name of publisher, distributor, etc. Regal Books,
Date of publication, distribution, etc. c1975.
300 ## - PHYSICAL DESCRIPTION
Extent 140 p. ;
Dimensions 18 cm.
500 ## - GENERAL NOTE
General note "Special youth edition of Lord, make my life a miracle"--T.p.
504 ## - BIBLIOGRAPHY, ETC. NOTE
Bibliography, etc. note Includes bibliographical references.
650 #0 - SUBJECT ADDED ENTRY--TOPICAL TERM
Topical term or geographic name entry element Youth
General subdivision Religious life.
9 (RLIN) 460
650 #0 - SUBJECT ADDED ENTRY--TOPICAL TERM
Topical term or geographic name entry element Christian life.
9 (RLIN) 183
740 01 -
-- Lord, make my life a miracle.
942 ## - ADDED ENTRY ELEMENTS (KOHA)
Source of classification or shelving scheme Dewey Decimal Classification
Koha item type Books
Koha issues (borrowed), all copies 1
Holdings
Withdrawn status Lost status Source of classification or shelving scheme Damaged status Not for loan Home library Current Library Shelving location Date acquired Total checkouts Full call number Barcode Date last seen Date last checked out Copy number Price effective from Koha item type
    Dewey Decimal Classification     GRACE BIBLE COLLEGE GRACE BIBLE COLLEGE Ministry & Mission 2018-04-02 1 248.83 ORT 009491 2025-05-01 2022-08-10 c.1 2018-04-02 Books
© Grace Bible College Library 2025